La stalker /

Bibliographic Details
Main Author: Tejerina, Raquel, 1976- (Author)
Format: Electronic eBook
Language:Spanish
Published: Rosario : Beatriz Viterbo Editora, [2023]
Edition:Primera edición.
Series:Ficciones (Rosario, Argentina)
Subjects:
Online Access:Digitalia Hispánica

MARC

LEADER 00000nam a2200000 i 4500
001 DIGVITED0054
003 NyNyDIG
007 cr |||||||||||
008 250808s2023 ag o 000 f spa d
006 m o d
035 |a (OCoLC)1531988101 
040 |a DGITA  |b eng  |e rda  |e pn  |c DGITA 
020 |a 9789508454393  |q eBook 
020 |z 9789508454379 
050 1 4 |a PQ7798.43.E23 ebook 
100 1 |a Tejerina, Raquel,  |d 1976-  |e author. 
245 1 3 |a La stalker /  |c Raquel Tejerina. 
250 |a Primera edición. 
264 1 |a Rosario :  |b Beatriz Viterbo Editora,  |c [2023] 
300 |a 1 online resource. 
336 |a text  |b txt  |2 rdacontent 
337 |a computer  |b c  |2 rdamedia 
338 |a online resource  |b cr  |2 rdacarrier 
347 |a text file  |2 rdaft 
347 |b EPUB 
490 1 |a Ficciones 
588 0 |a Online resource; title from ePub title page (Digitalia, viewed August 8, 2024) 
655 7 |a Fiction.  |2 lcgft 
655 7 |a Novels.  |2 lcgft 
791 2 |a Digitalia (Firm),  |e distributor. 
793 0 |g Digitalia eBook Collection:  |a Beatriz Viterbo Editora 
776 0 8 |i Print version:  |a Tejerina, Raquel, 1976-  |t Stalker.  |b Primera edición.  |d Rosario : Beatriz Viterbo Editora, [2023]  |z 9789508454379 
830 0 |a Ficciones (Rosario, Argentina) 
856 4 0 |3 Digitalia Hispánica  |u https://www.digitaliapublishing.com/a/175892/ 
910 |a Premium collection: 2025